00892nam a2200241 a 450000100100000000500170001000800410002702000180006804000250008608200180011110000310012924500580016026000480021830000350026650000630030159000280036465000280039265000290042065000310044991000370048095201160051799900170063300003918320240412074300.0130606s2011 dr ac 000 p spa d a9789945481051 aDO-SdBNPbspacBNPHU aRD861.5bJ61r1 aJiménez, Evaristy96537710aRetazos de amor y otros cortes :bpoemas y cuentos /. aSanto Domingo :bEditora Centenario,c2011. a80 p. :bil., retrs. ;c21 cm. aIncluye datos biográficos del autor en al contracubierta aInventariado, 2019 / DG 0aPoesía dominicana966 0aCuentos dominicanos9176 0aLiteratura dominicana.967 aValidado. Control de calidad MFF 0010718PDaPDbPDcHDd2013-06-06iLF1l0oRD861.5 J61rp39183-10r2020-06-25w2020-06-25yLFPDZNo se presta c38673d38673